000 00476nam a2200169Ia 4500
008 090711s9999 xx 000 0 und d
082 _b978
100 _aझणकर अजेय
245 _aसरकारनामा
260 _bग्रंथाली
_c1994
300 _a172
600 _aझणकर अजेय
630 _aसरकारनामा
700 _aझणकर अजेय
730 _aसरकारनामा
942 _cBOOK
999 _c324467
_d324467